Ökonomisches Lexikon A-K

Enregistré dans:
Détails bibliographiques
Format: Livre
Langue:allemand
Publié: Berlin Verlag die Wirtschaft 1966
Tags: Ajouter un tag
Pas de tags, Soyez le premier à ajouter un tag!

MARC

LEADER 00000nam a2200000 4500
001 c122452
005 20041019155225.3
041 0 |a ger 
044 |a DE 
245 1 0 |a Ökonomisches Lexikon  |b A-K 
264 1 |a Berlin  |b Verlag die Wirtschaft  |c 1966 
300 |a 1192 s.